000 00547nam a2200157 i 4500
001 bg
245 1 0 _aGeologia inżynierska z elementami petrografii i hydrogeologii :
_bwprowadzenie do ćwiczeń /
_c[red. nauk. Roman Racinkowski] ; Politechnika Szczecińska.
260 _aSzczecin :
_bWydawnictwo Uczelniane PS,
_c1987.
300 _a417, [1] s. :
_brys., wykr. ;
_c25 cm.
504 _aBibliogr. s. 414-417.
040 _cBPK
041 _apol
080 _a624.13:551+552+556](075.8)
942 _cKS
008 s pl f |000 0 pol
999 _c3441
_d3441
856 _uhttp://koha.tu.koszalin.pl/cgi-bin/koha/opac-detail.pl?biblionumber=3441
_yKatalog online BPK